000 01105nam a2200373 a 4500
003 AR-BaBNM
005 20251128205035.0
008 082120s2002 ||||||||||||||000 | spa||
020 _a950-602-246-1
040 _cAR-BaBNM
100 1 _aGrignon, Claude
245 0 0 _aLo culto y lo popular
_bmiserabilismo y populismo en sociología y en literatura
260 _aBuenos Aires
_bNueva Visión
_c1991
300 _a221 p.
_bil.
490 0 _aCultura y sociedad
500 _aContiene índice temático en p. 211-216
500 _aReferencias bibliográficas en p. 217-218
650 4 _aTEORIA LITERARIA
650 4 _aSOCIOLOGIA CULTURAL
650 4 _aCRITICA LITERARIA
650 4 _aSOCIOLOGIA DEL ARTE
650 4 _aESTUDIOS SOCIALES
650 4 _aCULTUROLOGIA
650 4 _aANALISIS LITERARIO
650 4 _aPRODUCCIONES CULTURALES
650 4 _aFILOSOFIA CULTURAL
653 _aSIMBOLISMO
655 _aLITERATURA
700 1 _aPasseron, Jean-Claude
700 1 _aSondereguer, María
_etraductor
800 1 _aAltamirano, Carlos
_edirector
942 _cBK
998 _cMARTIN
999 _c9746
_d9746